Szunyogh Xavér Ferenc: A lét bölcselete recenzió
Elmentve itt :
| Szerző: | |
|---|---|
| Adatforrás: | Philobibl |
| Forrásdokumentuma: | Vigilia 76.2011:6. p. 480. |
| Dokumentumtípus: | Cikk |
| Nyelv: | magyar |
| Kulcsszavak: | valláselmélet istenérv skolasztika Szunyogh Xavér Ferenc |
| LEADER | 00466nab a2200157 c 4500 | ||
|---|---|---|---|
| 001 | bibPHI0043717 | ||
| 005 | 20200924125152.3 | ||
| 008 | 101116s2011 hu hun | ||
| 035 | |a human/philobibl/43716 | ||
| 100 | 1 | |a Szakolczai György | |
| 245 | 1 | 0 | |a Szunyogh Xavér Ferenc: A lét bölcselete |b recenzió |c Szakolczai György |
| 695 | |a valláselmélet | ||
| 695 | |a istenérv | ||
| 695 | |a skolasztika | ||
| 695 | |a Szunyogh Xavér Ferenc | ||
| 773 | 0 | |t Vigilia |g 76.2011:6. p. 480. | |